000 00684nam a2200253 i 4500
001 C2-0114428
003 PPAK
005 20180727104659.0
008 970710s1984 my |||| ||||| | may d
020 _a9679391434
040 _aPPAK
_beng
_cPPAK
_erda
082 0 4 _a899.23301
_223
090 0 0 _a899.23301
_bMEN
_dG
090 0 0 _a899.23301
_bMEN
_dKK
100 0 _aMana Sikana,
_eauthor
245 1 0 _aMenjunjung titah perintah
264 1 _aKuala Lumpur :
_bTra Tra Publishing ,
_c1984
300 _av, 246 pages ;
_c21 cm
336 _2rdacontent
_atext
337 _2rdamedia
_aunmediated
338 _2rdacarrier
_avolume
650 1 0 _aShort stories, Malay
942 _ddc
_cB
999 _c29232
_d29232